| 000 | 00559nam a2200217Ia 4500 | ||
|---|---|---|---|
| 003 | 0100 | ||
| 008 | 130227s9999 xx 000 0 und d | ||
| 020 | _a0435805770 | ||
| 040 | _cARRUPELIB | ||
| 050 | _aLB3013.3.M34 | ||
| 100 | _aMarland, Michael | ||
| 245 | 4 | _aThe Craft of the classroom | |
| 245 | _bA survival guide to classroom management in the secondary school | ||
| 260 | _aLondon | ||
| 260 | _bHeinemann Educational Books | ||
| 260 | _C1975 | ||
| 300 | _a104p | ||
| 300 | _b 18cm | ||
| 650 | _bSudan - History - 1956 - | ||
| 942 |
_2lcc _02 |
||
| 999 |
_c4395 _d4395 |
||